Medios de comunicación social y periodismo
Saved in:
| Hovedforfatter: | |
|---|---|
| Format: | Bog |
| Sprog: | spansk |
| Udgivet: |
Santiago
Universidad Adolfo Ibáñez
2007
|
| Udgivelse: | 1a. ed |
| Serier: | Centro de Estudios Bicentenarios
|
| Fag: | |
| Tags: |
Tilføj Tag
Ingen Tags, Vær først til at tagge denne postø!
|
MARC
| LEADER | 00000nam a2200000 a 4500 | ||
|---|---|---|---|
| 001 | UCG5774 | ||
| 003 | CL-VaPUC | ||
| 008 | 110317e20070900CL |||||||||||||||||spa|d | ||
| 020 | |a 9789568147495 | ||
| 082 | 0 | 4 | |a 174.9097 |b YAÑ |2 21 |
| 100 | 0 | |a Yáñez Rojas, Eugenio |e author |9 555607 | |
| 245 | 1 | 0 | |a Medios de comunicación social y periodismo |
| 250 | |a 1a. ed | ||
| 300 | |a 249 p | ||
| 942 | |c BK | ||
| 945 | |d 20110317 00:00:00 |a jcampos | ||
| 260 | |a Santiago |b Universidad Adolfo Ibáñez |c 2007 | ||
| 650 | 0 | |a Ética periodística |9 257096 | |
| 650 | 0 | |a Medios de comunicación |9 257206 | |
| 650 | 0 | |a Periodismo |9 310113 | |
| 583 | |a last modification |c 20110317 00:00:00 |k Rodrigo Vera | ||
| 490 | 0 | |a Centro de Estudios Bicentenarios | |
| 999 | |c 344154 |d 344152 | ||
| 952 | |0 0 |1 0 |4 0 |6 174_909700000000000_YAÑ_2007 |7 0 |8 A |9 441978 |a BIBCUR |b BIBCUR |d 2019-11-22 |i 4755928 |o 174.9097 YAÑ 2007 |p 4755928 |r 2025-04-22 |w 2019-11-22 |y BK |k PER | ||